Từ và nhận diện từ tiếng Việt

Saved in:
Bibliographic Details
Main Author: Nguyễn Thiện Giáp
Format: Book
Language:Undetermined
Published: Hà Nội Giáo dục 1996
Subjects:
Tags: Add Tag
No Tags, Be the first to tag this record!
Institutions: Trung tâm Học liệu Trường Đại học Cần Thơ
LEADER 00505nam a2200169Ia 4500
001 CTU_19459
008 210402s9999 xx 000 0 und d
082 |a 495.922 
082 |b Gi109 
100 |a Nguyễn Thiện Giáp 
245 0 |a Từ và nhận diện từ tiếng Việt 
245 0 |c Nguyễn Thiện Giáp 
260 |a Hà Nội 
260 |b Giáo dục 
260 |c 1996 
650 |a vietnamese language 
980 |a Trung tâm Học liệu Trường Đại học Cần Thơ